UNAM México : guía de sitios y espacios /

En el marco del reconocimiento su reconocimiento como Patrimonio de la Humanidad por la UNESCO, se ofrece un recorrido por los edificios más relevantes de la sede central de la UNAM, la Ciudad Universitaria. Se señalan aspectos históricos sobre la construcción de CU, así como del diseño particular d...

Descrizione completa

Salvato in:
Dettagli Bibliografici
Autore principale: Artigas, Juan B. (idea original)
Altri autori: Caballero, Julio (realización) (realización), Mariña, Víctor (realización) (realización), Artigas, Juan B. (investigación y guión) (investigación y guión), Artigas, Juan B. (conducción) (conducción), Camacho, Angel (fotógrafo) (fotógrafo)
Natura: Videodisco
Lingua:spagnolo
Pubblicazione: México : UNAM, Coordinación de Difusión Cultural : UNAM, Dirección General de Televisión Universitaria [dist.], 2005, c2005
Soggetti:
Tags: Aggiungi Tag
Nessun Tag, puoi essere il primo ad aggiungerne!!

MARC

LEADER 00000ngm^a2200000^a^4500
001 000329173
005 20250521000000.0
009 20260310113928.13
037 |a Acervo ITESO - Biblioteca 
041 |a ESP 
082 |a 720. 972  |b ART 
100 |a Artigas, Juan B.  |e (idea original) 
245 1 0 |a UNAM México :  |b guía de sitios y espacios /  |c Idea original de J.B. Artigas ; realización de J. Caballero, V. Mariña. 
264 4 |a México :  |b UNAM, Coordinación de Difusión Cultural :  |b UNAM, Dirección General de Televisión Universitaria [dist.],  |c 2005, c2005 
300 |a 1 DVD sin dato de región  |c (25 min.) 
336 |a imagen móvil bidimensional  |b tdi  |2 rdacontenido 
337 |a video  |b v  |2 rdamedio 
338 |a videodisco  |b vd  |2 rdasoporte 
520 |a En el marco del reconocimiento su reconocimiento como Patrimonio de la Humanidad por la UNESCO, se ofrece un recorrido por los edificios más relevantes de la sede central de la UNAM, la Ciudad Universitaria. Se señalan aspectos históricos sobre la construcción de CU, así como del diseño particular de cada uno de ellos, con información sobre sus arquitectos y la forma en que se ejecutaron los proyectos. 
649 |a XX 
650 |a UNAM -  |x Historia -  |x Tema Principal 
650 |a Patrimonio de la Humanidad -  |z México 
650 |a Escuelas -  |z México -  |x Historia 
650 |a Arquitectura Moderna -  |z México -  |x Historia y Crítica -  |x Tema Principal 
650 |a Arquitectura Mexicana -  |y Siglo XX 
650 |a Arquitectura Mexicana -  |x Historia y Crítica 
650 |a Arte Moderno -  |z México -  |x Historia y Crítica 
650 |a Arte Mexicano -  |y Siglo XX 
650 |a Arte Mexicano -  |x Historia y Crítica 
650 |a México (Ciudad) -  |x Descripción 
650 |a México -  |x Descripción 
700 |a Caballero, Julio  |e (realización) 
700 |a Mariña, Víctor  |e (realización) 
700 |a Artigas, Juan B.  |e (investigación y guión) 
700 |a Artigas, Juan B.  |e (conducción) 
700 |a Camacho, Angel  |e (fotógrafo) 
910 |a Fondo General 
920 |a Audiovisuales - DVDs 
905 |a 302 
901 |a 0500217693  |b IT2  |c DVS  |i C134856  |u 20250521 
902 |a https://opac.biblio.iteso.mx/vufind/Record/000329173